000 00442nam a2200133 a 4500
008 120416s1946 xx |||||||||||||| || u
050 _aRC 267 Ber
100 _aBerenblum, I
245 1 0 _aScience versus cancer
260 _a
_bSigma
_c(1946)
300 _a116p. : ill.
350 _a0.00
995 _D0.00
_FCBU-MAIN LIBRARY (Kitwe)
_H1
_I6.95
_UAVAILABLE
_ZMain Library Open Access Collection
999 _c57128
_d57128